| 000 | 02000nam a2200385 c 4500 | ||
|---|---|---|---|
| 003 | BLK | ||
| 005 | 20220330103010.0 | ||
| 008 | 180408b bul|||||r ||||||| ||bul|| | ||
| 010 | _aKNG00043846000 | ||
| 020 |
_a978-954-9925-43-2 _bиздат.: Божич |
||
| 040 | _aBLK | ||
| 041 |
_aBUL _cBUL |
||
| 080 |
_aОрганизация на възпитанието и образованието. Училищно дело. _b37.09 _x.014.544:681.3 _z37.09.014.544:681.3 |
||
| 080 |
_aОрганизация на възпитанието и образованието. Училищно дело. _b37.09 _x.04 _z37.09.04 |
||
| 100 | 1 |
_aЖечева, Веселина Господинова _eпърви автор _9277186 |
|
| 700 | 1 |
_aНиколов, Николай Маринов _eсъавт. _9277187 |
|
| 700 | 1 |
_aОрозова, Даниела Ананиева _eсъавт. _9277188 |
|
| 139 |
_aЖечева, Веселина Господинова и др. _bЖ 46 |
||
| 245 | 1 | 0 |
_aЕлектронно и дистанционно обучение чрез системата Moodle _cВеселина Господинова Жечева; съавт. Николай Маринов Николов; съавт. Даниела Ананиева Орозова. |
| 257 | _aBGR | ||
| 260 |
_аБургас _bБожич _c2011 |
||
| 300 |
_a110 с. _bс ил. _c20 см |
||
| 380 | _a62 | ||
| 500 | _aБиблиогр. : с. 107-108. | ||
| 650 | 4 |
_aОбучение, дистанционно _9277189 |
|
| 650 | 4 |
_aИнформационни и комуникационни технологии - приложение - в образование и просвета _9245692 |
|
| 653 | _aдистанционно обучение | ||
| 653 | _aинформационни технологии | ||
| 653 | _aкомуникационни технологии | ||
| 852 | _aЦб 219669 | ||
| 856 | 4 |
_qpdf _u |
|
| 856 | 4 |
_qpdf _u |
|
| 942 |
_cKNG _n0 _02 |
||
| 944 |
_aCR _c31.08.2011 _lф / _kВаля_Йорданова |
||
| 944 |
_aED _c17.04.2012 _lф / _k |
||
| 999 |
_c40405 _d40405 |
||